Property: commercial (Record no. 104738)

MARC details
000 -LEADER
fixed length control field 00864cab a2200181 4500
001 - CONTROL NUMBER
control field ##L131390
008 - FIXED-LENGTH DATA ELEMENTS--GENERAL INFORMATION
fixed length control field 050727n2005 000 0 eng u
035 ## - SYSTEM CONTROL NUMBER
System control number (Sirsi) u131390
041 0# - LANGUAGE CODE
Language code of text/sound track or separate title eng
100 1# - MAIN ENTRY--PERSONAL NAME
Personal name Reekie, Peter
245 00 - TITLE STATEMENT
Title Property: commercial
260 ## - PUBLICATION, DISTRIBUTION, ETC.
Date of publication, distribution, etc. 2005
490 #0 - SERIES STATEMENT
Series statement EMIS Property Service
Volume/sequential designation 3(10) October 2005, 6-10(5)
520 ## - SUMMARY, ETC.
Summary, etc. The third article in a series examining the issues faced by landlords and tenants in connection with licences and consents to assign or sublet. This part considers tenants' breaches, user alterations as grounds for landlords' refusal together with the specific points to be borne in mind by a tenant when applying for consent. (See also L130838 and L131055).
590 ## - LOCAL NOTE (RLIN)
Local note IKA081105
690 ## - LOCAL SUBJECT ADDED ENTRY--TOPICAL TERM (OCLC, RLIN)
Topical term or geographic name as entry element PROPERTY-COMMERCIAL PROPERTY-LEASEHOLD COMMERCIAL PROPERTY-COMMERCIAL LANDLORD AND TENANT
942 ## - ADDED ENTRY ELEMENTS (KOHA)
Suppress in OPAC 0
Holdings
Withdrawn status Lost status Source of classification or shelving scheme Damaged status Not for loan Home library Current library Shelving location Date acquired Total Checkouts Full call number Barcode Date last seen Copy number Price effective from Koha item type
    Dewey Decimal Classification     London London Journal article 28/10/2005   L131390 131390-1001 06/08/2019 1 06/08/2019 Journal article